Statistics for Name a Valid U.S. President #2

Click here to take the quiz!

General Stats

  • This quiz has been taken 40,415 times
  • The average score is 11 of 18

Answer Stats

Name a President…Possible Answers% Correct
for whom a U.S. state capital is namedThomas Jefferson | James Madison |
Andrew Jackson | Abraham Lincoln
86%
who signed a declaration of warJames Madison | James K. Polk | William McKinley |
Woodrow Wilson | Franklin D. Roosevelt
83%
who was over 70 years old during his Presidency
Joe Biden | Ronald Reagan | Donald Trump |
Dwight D. Eisenhower
82%
who was a Civil War generalUlysses S. Grant | Rutherford B. Hayes | James Garfield
82%
who was CatholicJohn F. Kennedy | Joe Biden
81%
whose last name is a valid Scrabble wordGeorge W. Bush | George H. W. Bush | Jimmy Carter |
Gerald R. Ford | Ulysses S. Grant | Herbert Hoover |
Franklin Pierce | Donald Trump
80%
who never won a Presidential electionGerald R. Ford | John Tyler | Millard Fillmore |
Andrew Johnson | Chester A. Arthur
77%
who never attended collegeGeorge Washington | Andrew Jackson | Martin Van Buren |
Zachary Taylor | Millard Fillmore | Abraham Lincoln |
Andrew Johnson | Grover Cleveland
76%
who wore glasses in his official portraitTheodore Roosevelt | Woodrow Wilson | Harry S. Truman
70%
who ran for President as a candidate
from California
Herbert Hoover | Richard Nixon | Ronald Reagan
69%
whose first or last name contains a ZZachary Taylor
64%
who was born in TexasDwight Eisenhower | Lyndon B. Johnson
52%
who served in Congress or the Supreme Court
AFTER being President
John Quincy Adams | Andrew Johnson | William Howard Taft
48%
who didn't drink alcohol (as President)
William Henry Harrison | Millard Fillmore |
Abraham Lincoln | Rutherford B. Hayes |
George W. Bush | Donald Trump | Joe Biden
46%
who personally killed someone in a
non-military capacity
Andrew Jackson | Grover Cleveland
43%
whose grandfather was also presidentBenjamin Harrison
37%
who never appointed a Supreme Court justiceWilliam Henry Harrison | Zachary Taylor |
Andrew Johnson | Jimmy Carter
34%
who is known primarily by his middle nameHiram Ulysses Grant | John Calvin Coolidge |
Stephen Grover Cleveland | Thomas Woodrow Wilson
31%

Score Distribution

Percentile by Number Answered

Percent of People with Each Score

Your Score History

You have not taken this quiz